[Event "Mumbai Wealth op"]
[Site "Mumbai"]
[Date "2016.02.01"]
[Round "5"]
[White "Ankur Mahesh, Gokhale"]
[Black "Mendonca, Leon Luke"]
[Result "1-0"]
[WhiteElo "1576"]
[BlackElo "1859"]
[PlyCount "101"]
[EventDate "2016.01.28"]
[EventType "swiss"]
[EventRounds "9"]
[EventCountry "IND"]
[SourceTitle "CBM 170 Extra"]
[Source "ChessBase"]
[SourceDate "2016.02.25"]
[SourceVersion "1"]
[SourceVersionDate "2016.02.25"]
[SourceQuality "1"]

1. e4 c5 2. Nc3 Nc6 3. f4 g6 4. Nf3 Bg7 5. Bb5 Nd4 6. 0-0 e6 7. d3 Ne7 8. Nxd4 cxd4 9. Ne2 0-0 10. Qe1 d6 11. g4 Bd7 12. Bxd7 Qxd7 13. c3 dxc3 14. bxc3 f5 15. h3 e5 16. Qg3 fxe4 17. dxe4 d5 18. Ba3 dxe4 19. Rad1 Qe6 20. Qe3 exf4 21. Nxf4 Qe5 22. Rd7 Rf7 23. Bd6 Qxc3 24. Qxc3 Bxc3 25. Rxe7 Rf6 26. Re6 Rxe6 27. Nxe6 Re8 28. Rf8+ Rxf8 29. Nxf8 Kf7 30. Nxh7 Ke6 31. Bc5 b6 32. Be3 Kd5 33. Nf8 Kc4 34. Nxg6 Kd3 35. Kf2 Kc2 36. Nf4 Kb2 37. Ne2 Bb4 38. Nd4 a5 39. Nc6 Kxa2 40. Nxb4+ axb4 41. Bxb6 b3 42. Bd4 b2 43. Bxb2 Kxb2 44. Ke3 Kc3 45. Kxe4 Kd2 46. g5 Ke2 47. g6 Kf2 48. g7 Kg3 49. g8Q+ Kxh3 50. Kf3 Kh4 51. Qg4# 1-0